Statistics for "Big Five" European Soccer Champions Since 2000

Click here to take the quiz!

General Stats

  • This quiz has been taken 193,378 times
    (10,006 since last reset)
  • The average score is 25 of 31

Answer Stats

LeagueYear(s)Team% Correct
Bundesliga2000, 2001, 2003, 2005, 2006, 2008, 2010, 2013, 2014, 2015, 2016, 2017, 2018, 2019, 2020, 2021, 2022, 2023Bayern Munich
99%
Premier League2012, 2014, 2018, 2019, 2021, 2022, 2023, 2024Manchester City
99%
Premier League2000, 2001, 2003, 2007, 2008, 2009, 2011, 2013Manchester United
99%
La Liga2001, 2003, 2007, 2008, 2012, 2017, 2020, 2022, 2024Real Madrid
99%
La Liga2005, 2006, 2009, 2010, 2011, 2013, 2015, 2016, 2018, 2019, 2023Barcelona
98%
Ligue 12013, 2014, 2015, 2016, 2018, 2019, 2020, 2022, 2023, 2024Paris Saint-Germain
98%
Premier League2020Liverpool
97%
Serie A2004, 2011, 2022AC Milan
96%
Premier League2005, 2006, 2010, 2015, 2017Chelsea
95%
Premier League2002, 2004Arsenal
93%
Bundesliga2002, 2011, 2012Borussia Dortmund
93%
Serie A2002, 2003, 2005, 2012, 2013, 2014, 2015, 2016, 2017, 2018, 2019, 2020Juventus FC
93%
Serie A2006, 2007, 2008, 2009, 2010, 2021, 2024Inter Milan
91%
La Liga2014, 2021Atlético Madrid
90%
Premier League2016Leicester City
90%
Ligue 12002, 2003, 2004, 2005, 2006, 2007, 2008Olympique Lyonnais
87%
Bundesliga2024Bayer 04 Leverkusen
86%
Serie A2023SSC Napoli
85%
Ligue 12010Olympique Marseille
83%
Serie A2001AS Roma
77%
Ligue 12000, 2017AS Monaco
76%
Ligue 12011, 2021Lille OSC
74%
La Liga2002, 2004Valencia
71%
Serie A2000SS Lazio
59%
Bundesliga2009VfL Wolfsburg
56%
Bundesliga2007VfB Stuttgart
53%
Ligue 12009Girondins de Bordeaux
51%
Bundesliga2004Werder Bremen
47%
La Liga2000
Deportivo La
Coruña
46%
Ligue 12012Montpellier HSC
45%
Ligue 12001FC Nantes
44%

Score Distribution

Percentile by Number Answered

Percent of People with Each Score

Your Score History

You have not taken this quiz since the last reset